Philosophy of nature/ (Record no. 71925)

000 -LEADER
fixed length control field 00368nam a22001457a 4500
020 ## - INTERNATIONAL STANDARD BOOK NUMBER
International Standard Book Number 9780745651590
082 ## - DEWEY DECIMAL CLASSIFICATION NUMBER
Classification number 113
Item number PAU/P
100 ## - MAIN ENTRY--PERSONAL NAME
Personal name Paul Feyerabend
9 (RLIN) 48141
245 ## - TITLE STATEMENT
Title Philosophy of nature/
Statement of responsibility, etc. by Paul Feyerabend
260 ## - PUBLICATION, DISTRIBUTION, ETC.
Place of publication, distribution, etc. Cambridge:
Name of publisher, distributor, etc. Polity,
Date of publication, distribution, etc. 2016.
300 ## - PHYSICAL DESCRIPTION
Extent 260p.
650 ## - SUBJECT ADDED ENTRY--TOPICAL TERM
Topical term or geographic name entry element Nature Philosophy
9 (RLIN) 48142
650 ## - SUBJECT ADDED ENTRY--TOPICAL TERM
Topical term or geographic name entry element Philosophy
9 (RLIN) 48143
942 ## - ADDED ENTRY ELEMENTS (KOHA)
Koha item type Book
Holdings
Withdrawn status Lost status Damaged status Not for loan Permanent Location Current Location Shelving location Date acquired Cost, normal purchase price Total Checkouts Full call number Barcode Date last seen Price effective from Koha item type
        Sree Sankaracharya University of Sanskrit Sree Sankaracharya University of Sanskrit Stacks 02.06.2018 2317.00   113 PAU/P 089911 02.06.2018 02.06.2018 Book